000 00716nam a2200241 u 4500
005 20240802063709.0
008 090324s2003 mx r 000 0 spa d
020 _a9706883835
035 _aUPN01000170094
049 _aI
050 4 _aPQ7298.12 R7
_bA5.3 2003
100 1 _aBrozon, M. B.,
_d1970-
_931044
245 1 3 _aUn ángel en la azotea y otros cuentos de navidad /
_cMónica B. Brozon.
250 _a5a ed.
260 _aMéxico :
_bSM,
_c2003.
300 _a78 p. :
_bil.
440 3 _aEl barco de vapor ;
_v5
500 _aMal encuadernado
500 _a"A partir de 9 años"
650 4 _aLiteratura infantil mexicana
_910209
650 4 _aCuentos infantiles mexicanos
_97723
905 _aInfantil
999 _c142200
_d142200